Nghiên cứu tổng hợp dẫn xuất ester của 10 - Dihydroartemisinin từ Artemisinin : Luận văn thạc sĩ. Chuyên ngành: Hóa hữu cơ
Đề tài nghiên cứu tổng hợp dẫn xuất ester của 10-dihydroarttemusinin, có khả năng điều trị hiệu quả bệnh sốt rét. Sử dụng nguồn nguyên liệu ban đầu là arttemisinin được sản xuất trong nước.
Đã lưu trong:
| Tác giả chính: | |
|---|---|
| Định dạng: | Sách |
| Ngôn ngữ: | Undetermined |
| Được phát hành: |
Cần Thơ
Trường Đại học Cần Thơ
2012
|
| Những chủ đề: | |
| Các nhãn: |
Thêm thẻ
Không có thẻ, Là người đầu tiên thẻ bản ghi này!
|
| Thư viện lưu trữ: | Trung tâm Học liệu Trường Đại học Cần Thơ |
|---|
| LEADER | 01120nam a2200217Ia 4500 | ||
|---|---|---|---|
| 001 | CTU_174626 | ||
| 008 | 210402s9999 xx 000 0 und d | ||
| 082 | |a 547.3 | ||
| 082 | |b Th523 | ||
| 088 | |a 60440114 | ||
| 100 | |a Nguyễn, Bích Thúy | ||
| 245 | 0 | |a Nghiên cứu tổng hợp dẫn xuất ester của 10 - Dihydroartemisinin từ Artemisinin : | |
| 245 | 0 | |b Luận văn thạc sĩ. Chuyên ngành: Hóa hữu cơ | |
| 245 | 0 | |c Nguyễn Bích Thúy ; Đặng Chí Hiền (Người hướng dẫn khoa học) | |
| 260 | |a Cần Thơ | ||
| 260 | |b Trường Đại học Cần Thơ | ||
| 260 | |c 2012 | ||
| 520 | |a Đề tài nghiên cứu tổng hợp dẫn xuất ester của 10-dihydroarttemusinin, có khả năng điều trị hiệu quả bệnh sốt rét. Sử dụng nguồn nguyên liệu ban đầu là arttemisinin được sản xuất trong nước. | ||
| 650 | |a Hóa học hữu cơ,Chemistry, organic | ||
| 904 | |i Cẩm Thân | ||
| 980 | |a Trung tâm Học liệu Trường Đại học Cần Thơ | ||